000 00457nam a2200169Ia 4500
005 20250423101013.0
008 250422s9999 xx 000 0 und d
020 _a9783030105303
050 _aQA 276.4 .K37/
100 _aKaptein, Maurits
245 0 _aStatistics for data scientists: an introduction to probability, statistics, asnd data analysis
260 _aSwitzerland
260 _bSpringer
260 _c2022
300 _a285 p
942 _cBK
999 _c34988
_d34988